Database management systems with ORACLE 9i and VB 6.0 (Record no. 184660)

MARC details
000 -LEADER
fixed length control field 00453nam a2200157Ia 4500
005 - DATE AND TIME OF LATEST TRANSACTION
control field 20250324105209.0
008 - FIXED-LENGTH DATA ELEMENTS--GENERAL INFORMATION
fixed length control field 231217s9999 xx 000 0 und d
020 ## - INTERNATIONAL STANDARD BOOK NUMBER
International Standard Book Number 9788128000751
082 ## - DEWEY DECIMAL CLASSIFICATION NUMBER
Classification number 001.644 NAN;9
100 ## - MAIN ENTRY--PERSONAL NAME
Personal name Nandagopalan, S.
245 #0 - TITLE STATEMENT
Title Database management systems with ORACLE 9i and VB 6.0
260 ## - PUBLICATION, DISTRIBUTION, ETC. (IMPRINT)
Date of publication, distribution, etc. 2009
Name of publisher, distributor, etc. Sapna Book House
Place of publication, distribution, etc. Bangalore
300 ## - PHYSICAL DESCRIPTION
Extent viii, 524+3
650 ## - SUBJECT ADDED ENTRY--TOPICAL TERM
Topical term or geographic name as entry element Database,management,ORACLE,9i,VB,6.0
942 ## - ADDED ENTRY ELEMENTS (KOHA)
Koha item type Books
Holdings
Date last seen Total Checkouts Full call number Accession number Old discount Uniform Resource Identifier Cost, replacement price Price effective from Category Public note Lost status Damaged status Department Withdrawn status bill no. bill date Permanent Location Current Location Shelving location Entry date Vendor Cost, normal purchase price Grants Currency symbol Conversion rate Discount Discount type
26/01/2024   001.644 NAN;9 57240 12 digital/contents/57241.pdf 242.00 26/01/2024 Books SC-ST(1557)     Central Library   SBH/CRB/060125 30/08/2013 Central Library Central Library SC-ST 10/12/2009 Sapna Book House 275.00 SC-ST RS 1 33 Rupees
26/01/2024   001.644 NAN;10 57241 12 digital/contents/57241.pdf 242.00 26/01/2024 Books SC-ST(1558). Missing found 2020     Central Library   SBH/CRB/060125 30/08/2013 Central Library Central Library SC-ST 10/12/2009 Sapna Book House 275.00 SC-ST RS 1 33 Rupees

© For any Suggestions or Query, please contact the library staff @ librarian@pes.edu or Phone: +9180 2672 1983/ 2108.